| 000 | 00352nam a2200133Ia 4500 | ||
|---|---|---|---|
| 008 | 210210b1986 xxu||||| |||| 00| 0 eng d | ||
| 082 | _a301 OPPO | ||
| 100 | _aOPPERT (Gustav). | ||
| 245 | _aOn the original inhabitants of Bharatavarsa or India. | ||
| 260 |
_aND _bUnity Book Service _c1986 |
||
| 300 | _axv,711 | ||
| 690 | _aSociology | ||
| 906 | _a038939 | ||
| 999 |
_c89230 _d89230 |
||